000 00922nam a22002175i 4500
001 167940
003 ES-MaACL
005 20250916205417.0
008 991111s1900 fr |||| | fre d
100 1 _aWilson, Woodrow.
_9117049
245 1 3 _aLe gouvernement congressionnel :
_bétude sur la politique amèricaine /
_cpar Woodrow Wilson ; traduit sur la 13e edition amèricaine revue par l'auteur ; avec une prèface de M. Henri Wallon.
260 _aParis :
_bV. Giard & E. Briere,
_c1900.
300 _aXXXI, 372 p. ;
_c18 cm.
490 1 _aBibliotheque internationale de droit public
650 4 _aGobierno representativo-
_zEstados Unidos.
_9172075
651 4 _aEstados Unidos-
_xPolítica y gobierno-
_yS.XIX.
_9172072
700 1 _aWallon, Henri,
_d1812-1904
_9152274
830 1 _aBibliotheque internationale de droit public
_9180878
852 _aES-MaACL
_jD-1248
_z- Enc. tela
999 _c167940
_d167940